NPCR 1 Lesson2Vocabulary M-C - Statistics

General Stats
  • This quiz has been taken 8 times
  • The average score is 14 of 15
Answer Stats
Meaning Character % Correct
busy
100%
dad 爸爸
100%
mom 妈妈
100%
they; them 他们
100%
friend 朋友
100%
not; no
100%
male
100%
elder brother 哥哥
100%
younger brother 弟弟
100%
to want
100%
coffee 咖啡
100%
we; us 我们
100%
he; him
83%
to drink
83%
both; all
67%
No matching quizzes found
Score Distribution
Percent of People with Each Score
Percentile by Number Answered
Your Score History
You have not taken this quiz